[Event "CAN-ch U10"]
[Site "Windsor"]
[Date "2016.07.07"]
[Round "5.99"]
[White "Ripley, Noah"]
[Black "Wang, David"]
[Result "0-1"]
[WhiteElo "670"]
[BlackElo "845"]
[PlyCount "36"]
[EventDate "2016.07.05"]
[EventType "swiss"]
[EventRounds "7"]
[EventCountry "CAN"]
[SourceTitle "EXT 2022"]
[Source "ChessBase"]
[SourceDate "2021.10.06"]
[SourceVersion "1"]
[SourceVersionDate "2021.10.06"]
[SourceQuality "1"]

1. e4 e5 2. Nf3 Nc6 3. Nc3 Nf6 4. Bb5 Bc5 5. Bxc6 dxc6 6. Nxe5 Be6 7. d3 Qd4 8. Be3 Qxe5 9. d4 Qd6 10. e5 Qd7 11. exf6 Bb4 12. fxg7 Rg8 13. a3 Bxc3+ 14. bxc3 Rxg7 15. 0-0 Bh3 16. Kh1 Bxg2+ 17. Kg1 Bf3+ 18. Bg5 Rxg5# 0-1

[Event "CAN-ch U08"]
[Site "Windsor"]
[Date "2015.07.08"]
[Round "5.126"]
[White "Ripley, Noah"]
[Black "Xu, Daniel"]
[Result "0-1"]
[WhiteElo "491"]
[BlackElo "1037"]
[PlyCount "32"]
[EventDate "2015.07.06"]
[EventType "swiss"]
[EventRounds "7"]
[EventCountry "CAN"]
[SourceTitle "EXT 2022"]
[Source "ChessBase"]
[SourceDate "2021.10.06"]
[SourceVersion "1"]
[SourceVersionDate "2021.10.06"]
[SourceQuality "1"]

1. e4 e5 2. Nf3 Nc6 3. Bc4 Bc5 4. 0-0 d6 5. d3 Bg4 6. Nc3 Nd4 7. Nd5 Nxf3+ 8. gxf3 Bh3 9. Re1 c6 10. Nc3 Qb6 11. Be3 0-0-0 12. Bxc5 dxc5 13. b3 Qc7 14. a3 Qe7 15. Nd5 Qg5+ 16. Kh1 Qg2# 0-1